000 01581nam a2200265Ia 4500
999 _c47197
_d47197
001 14056
003 GE_BSU
005 20210423172011.0
008 181216s2013||||ge |||||||||||||| ||geo||
040 _cGE_BSU
041 _ageo
080 _a634.31 გ-69
100 _aგორგილაძე, მირანდა
_95977
245 _aფორთოხლის წვენის ნატურალობის მახასიათებელი :
_bპარამეტრების დადგენა და მათი განსაზღვრის მეთოდიკების შემუშავება /
_cმირანდა გორგილაძე; სამეც.ხელ-ლი ეთერ ნიჟარაძე, გურამ პაპუნიძე.
264 _aბათუმი
_c2013
300 _a73 გვ.
520 _aაგრარულ მეცნიერებათა დოქტორის აკად ხარისხის მოსაპოვ.წარმოდგ. დისერტაციის ანოტაცია
541 _h4ლ.81თ.
653 _aსოფლის მეურნეობა
653 _aმებაღეობა
653 _aფორთოხლის წვენისმა ხასიათებელები
700 _a ნიჟარაძე, ეთერ
_eსამეც. ხელ-ლი
_95978
700 _a პაპუნიძე, გურამ
_eსამეც. ხელ-ლი
_95979
942 _cBK
_2udc